Statistics for Greek Heroes

Click here to take the quiz!

General Stats

  • This quiz has been taken 59 times
  • The average score is 8 of 15

Answer Stats

Hint Answer % Correct
Strongest Man EverHercules/ Heracles
100%
Had a talking boat and heavy fleeceJason
92%
He was immortal apart from his heel, which was unfortunate for himAchilles
92%
Killed many things, including Medusa, a Sea Monster and some really stupid princesPerseus
88%
Killed a cow-headed killer manTheseus
75%
He played the lyre like a proOrpheus
67%
He had a son who fell from they sky into they oceanDaedalus
67%
Harnessed Pegasus and killed a ChimeraBellerophon
53%
Second best to Achilles and arrived in the Trojan HorseOdysseus
49%
Nothing stands in her way, apart from maybe some golden applesAtalanta
47%
Maybe not so much of a hero, but a witch who fell in love with JasonMedea
43%
Founded Thebes and was turned into a snakeCadmus
24%
Killed many, many, many men and founded the vicious tribe of women - the AmazonsOtrera
18%
The Boreads No.1. Accompanied Jason as one of the ArgonautsCalais
16%
The Boreads No.2. Accompanied Jason as one of the ArgonautsZetes
12%

Score Distribution

Percentile by Number Answered

Percent of People with Each Score

Your Score History

You have not taken this quiz